000 00455nam a2200169Ia 4500
003 GCL
008 140319s9999 xx 000 0 ara d
040 _aGCL /
_cGCL
082 0 4 _a823.03
_bت ش
100 1 _aسان، توماس
245 1 0 _aشهداء الوطنية /
_cسان، توماس
300 _a288 ص
490 _a
650 0 4 _aالقصة الارلندية
650 0 4 _aالادب الايرلندى المترجم
942 _2ddc
_cBK
999 _c38532
_d38532